Most Populous Country By Letter - Statistics

General Stats
  • This quiz has been taken 26 times
  • The average score is 18 of 24
Answer Stats
Letter Answer % Correct
B Brazil
88%
C China
88%
F France
88%
I India
84%
R Russia
84%
U United States
84%
V Vietnam
84%
Y Yemen
84%
A Argentina
80%
J Japan
80%
D Dominican Republic
76%
O Oman
76%
T Turkey
76%
Z Zambia
76%
E Ethiopia
72%
G Germany
72%
H Haiti
72%
N Nigeria
72%
Q Qatar
72%
K Kenya
68%
M Mexico
68%
P Pakistan
68%
L Laos
60%
S South Africa
60%
No matching quizzes found
Score Distribution
Percent of People with Each Score
Percentile by Number Answered
Your Score History
You have not taken this quiz